Giáo trình nhiệt động lực học kỹ thuật
Trình bày về kỹ thuật nhiệt: chất môi giới, nhiệt và công, định luật nhiệt động thứ nhất và thứ hai, các quá trình nhiệt động của khí và hơi, chu trình thuận chiều và ngược chiều
Wedi'i Gadw mewn:
| Prif Awdur: | |
|---|---|
| Fformat: | Llyfr |
| Iaith: | Undetermined |
| Cyhoeddwyd: |
Hà Nội
Khoa học và Kỹ thuật
2013
|
| Pynciau: | |
| Tagiau: |
Ychwanegu Tag
Dim Tagiau, Byddwch y cyntaf i dagio'r cofnod hwn!
|
| Thư viện lưu trữ: | Trung tâm Học liệu Trường Đại học Cần Thơ |
|---|
| LEADER | 00940nam a2200205Ia 4500 | ||
|---|---|---|---|
| 001 | CTU_194311 | ||
| 008 | 210402s9999 xx 000 0 und d | ||
| 020 | |c 40000 | ||
| 082 | |a 621.402 | ||
| 082 | |b D561 | ||
| 100 | |a Lê, Kim Dưỡng | ||
| 245 | 0 | |a Giáo trình nhiệt động lực học kỹ thuật | |
| 245 | 0 | |c Lê Kim Dưỡng, Đặng Thành Trung | |
| 260 | |a Hà Nội | ||
| 260 | |b Khoa học và Kỹ thuật | ||
| 260 | |c 2013 | ||
| 520 | |a Trình bày về kỹ thuật nhiệt: chất môi giới, nhiệt và công, định luật nhiệt động thứ nhất và thứ hai, các quá trình nhiệt động của khí và hơi, chu trình thuận chiều và ngược chiều | ||
| 650 | |a Mechanical engineering,Thermodynamics,Kỹ thuật nhiệt | ||
| 904 | |i Tuyến | ||
| 980 | |a Trung tâm Học liệu Trường Đại học Cần Thơ | ||